Skenovanie súčiastok na súradnicovom meracom stroji Wenzel LH 87 CNC [CD-ROM]

Na minha lista:
Detalhes bibliográficos
Autor principal: Nagy, Rudolf, 1983- (Author)
Outros Autores: Králik, Marián, 1953- (xxx)
Formato: Manuscrito Livro
Idioma:eslovaco
Publicado em: Bratislava : STU v Bratislave SjF, 2009
Assuntos:
Tags: Adicionar Tag
Sem tags, seja o primeiro a adicionar uma tag!

MARC

LEADER 00000ntm a22000003a 4500
001 stu219373
005 20150617230053.9
008 101214s2009----xo------------------slo-d
040 |a STU  |b slo 
041 0 |a slo 
044 |a xo 
100 1 |a Nagy, Rudolf,  |d 1983-  |4 aut  |X 14277  |7 A000014277 
242 0 0 |a Scanning parts on coordinate measuring machine Wenzel LH 87 CNC  |y eng 
245 1 |a Skenovanie súčiastok na súradnicovom meracom stroji Wenzel LH 87 CNC [CD-ROM] 
260 |a Bratislava :  |b STU v Bratislave SjF,  |c 2009 
300 |a 66 s 
650 7 |a skenovanie  |2 stusub 
650 7 |a sonda  |2 stusub 
650 7 |a reverzné inžinierstvo  |2 stusub 
650 7 |a Scanning  |2 stusub 
650 7 |a probes  |2 estusub 
650 7 |a Reverse Engineering  |2 estusub 
700 1 |a Králik, Marián,  |d 1953-  |4 xxx  |u J0070  |U SjF Strojnícka fakulta  |T SjF Ústav výrobných systémov, enviromentálnej techniky a manažment kvality  |X 2483  |U J0070  |Y 804  |7 A000002483 
996 |b 284J035905  |c J*515/DP  |l JJSK  |s A  |a 24  |w stu219373_0001